00330nam a2200145Ia 4500008004000000041000800040082001200048100001600060245002400076260004800100650000800148650000900156650001200165650000700177210210b1931 xxu||||| |||| 00| 0 eng d aeng a954/424 aSINHA (H N) aRise of the peshwas aAllahabadbThe Indian Press Pvt Ltd.,c1931 athe aRise apeshwas aof